Welcome to CU Library Online Public Access Catalogue (OPAC)

Civil Procedure (Record no. 366)

MARC details
000 -LEADER
fixed length control field 00487cam a2200169 4500
001 - CONTROL NUMBER
control field 4584029
005 - DATE AND TIME OF LATEST TRANSACTION
control field 20241029202956.0
008 - FIXED-LENGTH DATA ELEMENTS--GENERAL INFORMATION
fixed length control field 750523s1971 gh 001 0 eng
050 00 - LIBRARY OF CONGRESS CALL NUMBER
Classification number KRX3570
Item number .K66 1971
082 00 - DEWEY DECIMAL CLASSIFICATION NUMBER
Classification number 347.667/035
-- 346.670735
Edition information 19
100 1# - MAIN ENTRY--PERSONAL NAME
Personal name Kom, Enoch D.,
Dates associated with a name 1926-
245 10 - TITLE STATEMENT
Title Civil Procedure
Statement of responsibility, etc. [by] Enoch D. Kom.
260 ## - PUBLICATION, DISTRIBUTION, ETC.
Place of publication, distribution, etc. [Accra-Tema, Ghana]
Name of publisher, distributor, etc. Ghana Pub. Corp.
Date of publication, distribution, etc. [1971]
300 ## - PHYSICAL DESCRIPTION
Extent xvi, 494 p.
Dimensions 28 cm.
650 #0 - SUBJECT ADDED ENTRY--TOPICAL TERM
Topical term or geographic name entry element Civil procedure
Geographic subdivision Ghana.
942 ## - ADDED ENTRY ELEMENTS (KOHA)
Source of classification or shelving scheme Library of Congress Classification
Koha item type Books
Suppress in OPAC No
999 ## -
-- 366
-- 366

No items available.

© 2023-2024 Copyright: Central University Libraries. All Rights Reserved | Created by: Mahone Tech Office